<?xml version="1.0" encoding="UTF-8"?>
<record
    xmlns:xsi="http://www.w3.org/2001/XMLSchema-instance"
    xsi:schemaLocation="http://www.loc.gov/MARC21/slim http://www.loc.gov/standards/marcxml/schema/MARC21slim.xsd"
    xmlns="http://www.loc.gov/MARC21/slim">

  <leader>01441nam a2200277 i 4500</leader>
  <controlfield tag="003">DO-SdBNP</controlfield>
  <controlfield tag="005">20240502181143.0</controlfield>
  <controlfield tag="007">ta</controlfield>
  <controlfield tag="008">110413s1983    dr o          000 0 spa d</controlfield>
  <datafield tag="040" ind1=" " ind2=" ">
    <subfield code="a">DO-SdBNP</subfield>
    <subfield code="b">spa</subfield>
    <subfield code="c">BNPHU</subfield>
    <subfield code="e">rda</subfield>
  </datafield>
  <datafield tag="082" ind1=" " ind2=" ">
    <subfield code="a">320.97293 </subfield>
    <subfield code="b">C961</subfield>
    <subfield code="2">22</subfield>
  </datafield>
  <datafield tag="245" ind1="0" ind2="4">
    <subfield code="a">Los 42 d&#xED;as del presidente Majluta /</subfield>
  </datafield>
  <datafield tag="264" ind1=" " ind2="1">
    <subfield code="a">Santo Domingo :</subfield>
    <subfield code="b">Tele 3,</subfield>
    <subfield code="c">[1983].</subfield>
  </datafield>
  <datafield tag="300" ind1=" " ind2=" ">
    <subfield code="a">[91] p&#xE1;ginas </subfield>
    <subfield code="b">fotograf&#xED;as </subfield>
    <subfield code="c">20 cm.</subfield>
  </datafield>
  <datafield tag="336" ind1=" " ind2=" ">
    <subfield code="2">rdacontent</subfield>
    <subfield code="a">texto</subfield>
    <subfield code="b">txt</subfield>
  </datafield>
  <datafield tag="337" ind1=" " ind2=" ">
    <subfield code="2">rdamedia</subfield>
    <subfield code="a">sin mediaci&#xF3;n </subfield>
    <subfield code="b">n</subfield>
  </datafield>
  <datafield tag="338" ind1=" " ind2=" ">
    <subfield code="2">rdacarrier</subfield>
    <subfield code="a">volumen</subfield>
    <subfield code="b">nc</subfield>
  </datafield>
  <datafield tag="505" ind1=" " ind2=" ">
    <subfield code="t">Introducci&#xF3;n 9. --</subfield>
    <subfield code="t"> Los 42 d&#xED;as 15. -- </subfield>
    <subfield code="t">Jacobo Majluta, Residente de la Rep&#xFA;blica 17. -- </subfield>
    <subfield code="g">Lo Primero: Garantizar Continuidad de la Democracia. -- </subfield>
    <subfield code="t">Asegurar la Transmisi&#xF3;n de Mando 20. -- </subfield>
    <subfield code="t">El Apoyo al Presidente Majluta 28. -- </subfield>
    <subfield code="t">Los Primero Comentarios 28. -- </subfield>
    <subfield code="t">Mantuvo el p&#xED;as en Marcha 31. -- </subfield>
    <subfield code="t">Enfrent&#xF3; Cara a Cara los Problemas 39. --</subfield>
    <subfield code="t"> Atendi&#xF3; a cada cual 53. -- </subfield>
    <subfield code="t">...y Extranjeros 62. -- </subfield>
    <subfield code="t">Su Popularidad Aument&#xF3; 65. -- </subfield>
    <subfield code="t">Y 42 D&#xED;as Despu&#xE9;s del 4 de julio 79 -- </subfield>
    <subfield code="t">Un presidente del pueblo. Por el pueblo.. Para el Pueblo 88. /</subfield>
  </datafield>
  <datafield tag="590" ind1=" " ind2=" ">
    <subfield code="a">Inventariado, 2023/ YL</subfield>
  </datafield>
  <datafield tag="600" ind1=" " ind2="0">
    <subfield code="a">Majluta Azar, Jacobo</subfield>
    <subfield code="d">1934-1996</subfield>
    <subfield code="9">7767</subfield>
  </datafield>
  <datafield tag="650" ind1=" " ind2=" ">
    <subfield code="a">Pol&#xED;tica y gobierno</subfield>
    <subfield code="z">Rep&#xFA;blica Dominicana</subfield>
  </datafield>
  <datafield tag="650" ind1=" " ind2="0">
    <subfield code="a">Presidentes</subfield>
    <subfield code="9">84055</subfield>
  </datafield>
  <datafield tag="653" ind1=" " ind2=" ">
    <subfield code="a">Jacobo Majluta Azar -- Mandato presidencial: 4 de julio de 1982 &#x2013; 16 de agosto de 1982</subfield>
  </datafield>
  <datafield tag="910" ind1=" " ind2=" ">
    <subfield code="a">YLockward</subfield>
  </datafield>
  <datafield tag="942" ind1=" " ind2=" ">
    <subfield code="2">ddc</subfield>
    <subfield code="c">LBS1</subfield>
  </datafield>
  <datafield tag="952" ind1=" " ind2=" ">
    <subfield code="0">0</subfield>
    <subfield code="1">0</subfield>
    <subfield code="2">ddc</subfield>
    <subfield code="5">1</subfield>
    <subfield code="7">0</subfield>
    <subfield code="8">PD</subfield>
    <subfield code="a">BNPHU</subfield>
    <subfield code="b">BNPHU</subfield>
    <subfield code="c">CT</subfield>
    <subfield code="d">2022-05-19</subfield>
    <subfield code="e">Uri Rivas</subfield>
    <subfield code="l">0</subfield>
    <subfield code="o">320.97293  C961</subfield>
    <subfield code="p">2023-5647</subfield>
    <subfield code="r">2023-09-05</subfield>
    <subfield code="w">2023-09-05</subfield>
    <subfield code="y">LBS1</subfield>
  </datafield>
  <datafield tag="999" ind1=" " ind2=" ">
    <subfield code="c">54621</subfield>
    <subfield code="d">54621</subfield>
  </datafield>
</record>
